| 000 | 01174nam1a22002771 4500 | ||
|---|---|---|---|
| 001 | rc\2994783 | ||
| 005 | 20250807190154.0 | ||
| 035 | _a(NLR Aleph) 007138568 | ||
| 090 |
_a88738 _c88738 |
||
| 100 | _a20110916d1940 u y0rusy50 ca | ||
| 101 | 0 | _arus | |
| 102 | _aRU | ||
| 105 | _ay z ||||| | ||
| 200 | 1 |
_aСобрание сочинений _e[Для ст. возраста]. Т. 1- _fПод ред., с биогр. очерком ["Жизнь Чарльза Диккенса" (1812-1870), с. 5-102] и прим. Евгения Ланна |
|
| 210 |
_aМосква _aЛенинград _cДетиздат _d1940 _eМосква |
||
| 215 | _d20 см | ||
| 700 | 1 |
_aДиккенс _bЧ. _f1812-1870 _gЧарлз _3RU\NLR\AUTH\7713978 |
|
| 702 | 1 |
_aЛанн _bЕ. Л. _f1896-1958 _gЕвгений Львович _3RU\NLR\auth\77120192 _4340 |
|
| 801 | 0 |
_aRU _bNLR _gpsbo |
|
| 801 | 1 |
_aRU _bELAR _2rusmarc |
|
| 852 |
_aNLR _j40-17/368(1) |
||
| 942 | _cBOOK | ||
| 945 |
_aРоссийская национальная библиотека _aЦентральная городская библиотека Нижнего Новгорода |
||
| 980 | _aBV | ||
| 980 | _aNB | ||